[Event "SK Königsspringer Iserlohn 1 - SVG Ple"]
[Site "NRW-Klasse - Gruppe 2 2018/20"]
[Date "2018.09.16"]
[Round "1.4"]
[White "Klauke, Stefan"]
[Black "Klip, Hans"]
[Result "1/2-1/2"]
[WhiteElo "2119"]
[BlackElo "2269"]
[Annotator "Daniel"]
[PlyCount "124"]
[EventDate "2018.??.??"]
[WhiteTeam "SK Königsspringer Iserlohn 1"]
[BlackTeam "SVG Plettenberg 1"]

1. e4 e5 2. Nf3 Nc6 3. Nc3 Nf6 4. Bb5 Bc5 5. O-O O-O 6. Nxe5 Nd4 7. h3 Nxb5 8.
Nxb5 Nxe4 9. d4 Be7 10. Qf3 d5 11. Bf4 c6 12. Nc3 f6 13. Nd3 Bf5 14. Be3 Qd7
15. Rfe1 Rae8 16. g4 Bg6 17. Qg2 Bd6 18. f3 Nxc3 19. bxc3 Qc7 20. Bd2 Rxe1+ 21.
Rxe1 Qa5 22. Re6 Qd8 23. Re1 Qd7 24. Qf2 b6 25. Kg2 Bf7 26. Re2 Qc7 27. Be3 Bg6
28. Qe1 h6 29. Bf2 c5 30. dxc5 bxc5 31. Re6 Rc8 32. Bg3 Bxg3 33. Qxg3 Bf7 34.
Qxc7 Rxc7 35. Rd6 Kf8 36. a3 Ke7 37. Ra6 d4 38. cxd4 cxd4 39. Nb4 $11 Kd7 40.
Kf2 Bg6 41. Ke2 Bf7 42. Kd2 Bc4 43. Ra5 Kd6 44. h4 g5 45. hxg5 hxg5 46. Rf5 Ke6
47. f4 gxf4 48. Rxf4 a5 49. Re4+ Kf7 50. Nd3 Bxd3 51. Kxd3 Rc3+ 52. Kxd4 Rxc2
53. Kd3 Rc5 54. a4 Kg6 55. Kd4 Rc1 56. Kd5 Kg5 57. Ke6 Rc6+ 58. Kd5 Rc8 59. Kd6
Rc1 60. Rd4 Rg1 61. Ke6 Re1+ 62. Kd6 Rg1 1/2-1/2

[Event "SK Königsspringer Iserlohn 1 - SVG Ple"]
[Site "NRW-Klasse - Gruppe 2 2018/20"]
[Date "2018.09.16"]
[Round "1.5"]
[White "Litwak, Aleksej"]
[Black "Franz, Christian"]
[Result "1-0"]
[WhiteElo "2245"]
[BlackElo "2046"]
[PlyCount "125"]
[EventDate "2018.??.??"]
[WhiteTeam "SVG Plettenberg 1"]
[BlackTeam "SK Königsspringer Iserlohn 1"]

1. e4 c5 2. Nf3 d6 3. d4 cxd4 4. Nxd4 Nf6 5. Nc3 g6 6. Be3 Bg7 7. f3 O-O 8. Qd2
Nc6 9. O-O-O d5 10. Kb1 Rb8 11. Ndb5 a6 12. Na7 d4 13. Nxc6 bxc6 14. Bxd4 Qc7
15. e5 Nd5 16. Nxd5 cxd5 17. f4 Qb7 18. Bd3 f6 19. h4 fxe5 20. fxe5 Bg4 21.
Rdf1 e6 22. Rf4 Bf5 23. Bxf5 exf5 24. Rf3 Rfe8 25. Re1 Re6 26. h5 Qe7 27. hxg6
hxg6 28. Bc3 Qb7 29. Qd4 Rbe8 30. Rfe3 Qb5 31. a4 Qc6 32. g4 Qc4 33. gxf5 Qxd4
34. Bxd4 gxf5 35. Rg1 Rf8 36. Rg5 Rf7 37. Rf3 f4 38. Rg4 Rf5 39. Rfxf4 Rxf4 40.
Rxf4 Bxe5 41. Bxe5 Rxe5 42. Rf6 a5 43. Ra6 d4 44. Rd6 Kf7 45. Rxd4 Ke6 46. b3
Rh5 47. Rd8 Ke7 48. Rb8 Rh6 49. Rb7+ Kd8 50. Kb2 Kc8 51. Rg7 Rh5 52. Kc3 Kb8
53. Kc4 Kc8 54. c3 Rf5 55. b4 Rh5 56. Ra7 Rh4+ 57. Kb5 Rh5+ 58. Kb6 Rh6+ 59.
Kxa5 Rc6 60. b5 Rxc3 61. Kb6 Kb8 62. Rb7+ Ka8 63. Rc7 1-0

[Event "SK Königsspringer Iserlohn 1 - SVG Ple"]
[Site "NRW-Klasse - Gruppe 2 2018/20"]
[Date "2018.09.16"]
[Round "1.8"]
[White "Meinecke, Gerd"]
[Black "Noelke, Manfred"]
[Result "1-0"]
[WhiteElo "1943"]
[BlackElo "1886"]
[Annotator "Daniel"]
[PlyCount "111"]
[EventDate "2018.??.??"]
[WhiteTeam "SK Königsspringer Iserlohn 1"]
[BlackTeam "SVG Plettenberg 1"]

1. d4 d5 2. Bf4 Nf6 3. e3 c5 4. c3 Nc6 5. h3 Qb6 6. Qc2 cxd4 7. exd4 Bf5 8. Qb3
Qxb3 9. axb3 e6 10. Nf3 Be7 11. Bb5 O-O 12. Bxc6 bxc6 13. b4 Bxb1 14. Rxb1 a5
15. bxa5 Rxa5 16. O-O c5 17. dxc5 Rxc5 18. Ra1 Ne4 19. Nd2 Nxd2 20. Bxd2 Rb5
21. Rfb1 Bf6 22. Ra2 h6 23. Kf1 Rc8 24. Ra4 Rb3 25. Ra3 Rxa3 26. bxa3 Rc7 27.
Rb3 $11 Ra7 28. Ke2 Be7 29. Bc1 Bd6 30. Kd3 Ra4 31. f3 h5 32. Kc2 g6 33. Rb6
Be5 34. Kb3 Ra7 35. a4 Kf8 36. Be3 Ra8 37. Kb4 Ke8 38. a5 Kd8 39. Rb7 f6 40.
Rg7 Rb8+ 41. Bb6+ Kc8 42. Kb5 f5 43. Rf7 Rb7 44. Rf8+ Kd7 45. a6 Rb8 46. Rxb8
Bxb8 47. a7 Bxa7 48. Bxa7 e5 49. Kc5 Ke6 50. Bb8 g5 51. Bc7 f4 52. Bd8 g4 53.
hxg4 hxg4 54. fxg4 e4 55. Kd4 e3 56. Kd3 1-0

[Event "Gütersloher SV 1 - Bielefelder SK 1"]
[Site "NRW-Klasse - Gruppe 2 2018/20"]
[Date "2018.09.16"]
[Round "1.2"]
[White "Ebert, Manuel"]
[Black "Gruen, Gerd-Peter"]
[Result "0-1"]
[WhiteElo "2141"]
[BlackElo "2227"]
[PlyCount "68"]
[EventDate "2018.??.??"]
[WhiteTeam "Gütersloher SV 1"]
[BlackTeam "Bielefelder SK 1"]

1. c4 e5 2. Nc3 Nf6 3. Nf3 Nc6 4. g3 Bb4 5. Bg2 O-O 6. Nd5 Bc5 7. O-O d6 8. d3
Nxd5 9. cxd5 Ne7 10. d4 exd4 11. Nxd4 Bd7 12. a3 a5 13. b3 c6 14. dxc6 bxc6 15.
Bb2 d5 16. Qd2 Bb6 17. b4 f6 18. Rfc1 Rc8 19. Nb3 axb4 20. axb4 Qe8 21. Ra6 Rb8
22. Bd4 Bxd4 23. Nxd4 Ra8 24. Rxa8 Qxa8 25. e4 Qb8 26. exd5 cxd5 27. Rc5 Qd6
28. Qf4 Qxf4 29. gxf4 Ra8 30. Bxd5+ Nxd5 31. Rxd5 Bh3 32. f3 Ra2 33. b5 Rg2+
34. Kh1 Rf2 0-1

[Event "Gütersloher SV 1 - Bielefelder SK 1"]
[Site "NRW-Klasse - Gruppe 2 2018/20"]
[Date "2018.09.16"]
[Round "1.3"]
[White "Simon, Hans Christian"]
[Black "Kretschmann, Michael"]
[Result "1-0"]
[WhiteElo "2141"]
[BlackElo "2075"]
[PlyCount "72"]
[EventDate "2018.??.??"]
[WhiteTeam "Bielefelder SK 1"]
[BlackTeam "Gütersloher SV 1"]

1. Nf3 g6 2. g3 Bg7 3. d4 d6 4. Bg2 Nf6 5. O-O O-O 6. c4 Nbd7 7. Nc3 e5 8. e4
exd4 9. Nxd4 a6 10. b3 Rb8 11. Bb2 Ne5 12. f4 Neg4 13. Qd2 c5 14. Nc2 b5 15. h3
b4 16. Na4 Nh6 17. g4 Nhxg4 18. hxg4 Nxg4 19. Ne3 h5 20. Nxg4 hxg4 21. Qf2 Bd7
22. Bxg7 Kxg7 23. Nb2 Bc6 24. f5 Qg5 25. f6+ Kh7 26. Qg3 Rbe8 27. Rf4 Bd7 28.
Nd3 Rh8 29. Raf1 Kg8 30. R1f2 Re6 31. Qxg4 Qh6 32. Qg3 Bc6 33. Re2 Kf8 34. Nf2
g5 35. Rf5 Rxf6 36. Ng4 Qh5 1-0

[Event "Gütersloher SV 1 - Bielefelder SK 1"]
[Site "NRW-Klasse - Gruppe 2 2018/20"]
[Date "2018.09.16"]
[Round "1.4"]
[White "Janyska, Dennis"]
[Black "Goeßling, Guido"]
[Result "1/2-1/2"]
[WhiteElo "2044"]
[BlackElo "2135"]
[Annotator "Daniel"]
[PlyCount "149"]
[EventDate "2018.??.??"]
[WhiteTeam "Gütersloher SV 1"]
[BlackTeam "Bielefelder SK 1"]

1. e4 e5 2. Nf3 Nc6 3. Bb5 f5 4. d3 fxe4 5. dxe4 Nf6 6. O-O d6 7. Bg5 Be7 8.
Nc3 Be6 9. Qd3 O-O 10. Bxf6 Bxf6 11. Bc4 Qd7 12. Bxe6+ Qxe6 13. Qd5 Rae8 14.
Rfd1 Nd4 15. Qxe6+ Rxe6 16. Nd5 Nxf3+ 17. gxf3 Bd8 18. Rd3 Rg6+ 19. Kh1 c6 20.
Nc3 Bb6 21. Rg1 Bxf2 22. Rxg6 hxg6 23. Kg2 Bd4 24. Ne2 Bc5 25. a3 Rf6 26. c4 a5
27. Nc3 Kf7 28. Na4 Bd4 29. Rb3 b6 30. Nxb6 Ke6 31. Na4 Rf7 32. Nc3 Ra7 33. Na4
d5 34. cxd5+ cxd5 35. Nc3 dxe4 36. Nxe4 Kd5 37. Rb8 a4 38. Rb4 Rc7 39. Rxa4
Rc2+ 40. Kg3 $11 Be3 41. Ra6 Bf4+ 42. Kg4 Rg2+ 43. Ng3 Rxh2 44. Rxg6 Rg2 45.
Kh3 Rxb2 46. Rxg7 Rb3 47. Kg2 Rxa3 48. Rd7+ Ke6 49. Rg7 Ra2+ 50. Kf1 Be3 51.
Ne4 Bd4 52. Rc7 Rh2 53. Ke1 Kd5 54. Kf1 Be3 55. Rd7+ Kc4 56. Rd1 Rb2 57. Re1
Kd3 58. Rd1+ Kc2 59. Re1 Kd3 60. Rd1+ Kc4 61. Re1 Bd4 62. Re2 Rb1+ 63. Kg2 Rg1+
64. Kh2 Rg6 65. Rg2 Rh6+ 66. Kg3 Kd3 67. Nf2+ Kc4 68. Ng4 Rg6 69. Re2 Kd5 70.
Re4 Ke6 71. Re2 Kf5 72. Re4 Ra6 73. Re2 Ra1 74. Nh6+ Kg5 75. Ng4 1/2-1/2

[Event "Gütersloher SV 1 - Bielefelder SK 1"]
[Site "NRW-Klasse - Gruppe 2 2018/20"]
[Date "2018.09.16"]
[Round "1.5"]
[White "Roemhild, Marcus"]
[Black "Hanhoerster, Stephan"]
[Result "1-0"]
[WhiteElo "2038"]
[BlackElo "1986"]
[Annotator "Daniel"]
[PlyCount "73"]
[EventDate "2018.??.??"]
[WhiteTeam "Bielefelder SK 1"]
[BlackTeam "Gütersloher SV 1"]

1. c4 e5 2. Nc3 Bb4 3. Nd5 Be7 4. d4 d6 5. Nf3 Nc6 6. Nc3 exd4 7. Nxd4 Nxd4 8.
Qxd4 Nf6 9. g3 O-O 10. Bg2 c6 11. O-O Qa5 12. Bf4 Be6 13. b3 Rfd8 14. Rfd1 Ng4
15. Qd2 Qb6 16. Qe1 Bf6 17. Na4 Qc7 18. Rac1 Be5 19. Bd2 d5 20. h3 Nf6 21. Nc5
Qe7 22. Nxe6 Qxe6 23. Bg5 dxc4 24. Rxc4 h6 25. Bxf6 Qxf6 $11 26. e3 Rxd1 27.
Qxd1 Rd8 28. Qc2 Rd7 29. Re4 Qd6 30. Bf1 g6 31. Bc4 b5 32. Bf1 Bf6 33. Re8+ Kg7
34. Rc8 Qe5 35. Rxc6 Be7 36. Be2 h5 37. h4 {ZÜ} 1-0

[Event "Gütersloher SV 1 - Bielefelder SK 1"]
[Site "NRW-Klasse - Gruppe 2 2018/20"]
[Date "2018.09.16"]
[Round "1.7"]
[White "Schnitker, Rainer"]
[Black "Asani, Baskim"]
[Result "1-0"]
[WhiteElo "2026"]
[BlackElo "1901"]
[PlyCount "67"]
[EventDate "2018.??.??"]
[WhiteTeam "Bielefelder SK 1"]
[BlackTeam "Gütersloher SV 1"]

1. Nf3 f5 2. g3 Nf6 3. Bg2 e6 4. b3 d6 5. d4 Be7 6. Bb2 a5 7. Nbd2 O-O 8. e3
Qe8 9. Qe2 Ne4 10. Nxe4 fxe4 11. Nd2 d5 12. f3 exf3 13. Nxf3 Bf6 14. O-O b5 15.
e4 b4 16. Rfe1 Ba6 17. Qe3 Nd7 18. exd5 exd5 19. Ne5 Nb6 20. a3 Bb7 21. Qd2 Qh5
22. axb4 axb4 23. Qxb4 Rxa1 24. Bxa1 Bxe5 25. dxe5 Qg6 26. Qc5 Qc6 27. Bd4 Re8
28. Qxc6 Bxc6 29. c4 Nd7 30. cxd5 Bb7 31. Rc1 Nxe5 32. Rxc7 Ba6 33. d6 Bd3 34.
Bd5+ 1-0

[Event "Gütersloher SV 1 - Bielefelder SK 1"]
[Site "NRW-Klasse - Gruppe 2 2018/20"]
[Date "2018.09.16"]
[Round "1.8"]
[White "Wulfhorst, Noah"]
[Black "Gruettemeier, Uwe"]
[Result "1-0"]
[WhiteElo "1846"]
[BlackElo "2010"]
[PlyCount "89"]
[EventDate "2018.??.??"]
[WhiteTeam "Gütersloher SV 1"]
[BlackTeam "Bielefelder SK 1"]

1. c4 g6 2. g3 Bg7 3. Bg2 d6 4. Nc3 c6 5. Nf3 Nf6 6. O-O O-O 7. Rb1 e5 8. d3
Re8 9. Nd2 a5 10. a3 Qc7 11. b4 axb4 12. axb4 Na6 13. Ba3 Be6 14. b5 Nc5 15.
Bxc5 dxc5 16. Nce4 Nxe4 17. Nxe4 cxb5 18. Rxb5 b6 19. Qb3 Ra6 20. Rb1 Rea8 21.
Ng5 Bd7 22. Bxa8 Bxb5 23. Qxb5 Rxa8 24. Qxb6 Qxb6 25. Rxb6 f5 26. Rc6 e4 27.
dxe4 h6 28. Ne6 fxe4 29. Nxg7 Kxg7 30. Re6 Ra2 31. Rxe4 Rc2 32. g4 Kf6 33. Kg2
g5 34. Kg3 Rc1 35. h4 Rg1+ 36. Kh2 Rc1 37. h5 Rc2 38. Kg2 Rc3 39. f3 Rc1 40.
Kf2 Rc3 41. Ke1 Ra3 42. Kd2 Ra2+ 43. Kc3 Ra1 44. Re8 Ra2 45. Kd3 1-0

[Event "Kölner SK Dr. Lasker 1 - Godesberger S"]
[Site "NRW-Klasse - Gruppe 2 2018/20"]
[Date "2018.09.16"]
[Round "1.1"]
[White "Seger, Ruediger"]
[Black "Paris, Michael"]
[Result "1-0"]
[WhiteElo "2323"]
[BlackElo "2133"]
[PlyCount "77"]
[EventDate "2018.??.??"]
[WhiteTeam "Godesberger SK 1"]
[BlackTeam "Kölner SK Dr. Lasker 1"]

1. e4 e5 2. Nf3 Nc6 3. Bc4 Bc5 4. c3 Nf6 5. d3 a6 6. O-O d6 7. Bb3 O-O 8. Nbd2
Ba7 9. h3 Ne7 10. Re1 Ng6 11. Nf1 Be6 12. Ng3 Qd7 13. d4 Rfe8 14. Bc2 h6 15.
Be3 Bxh3 16. gxh3 Qxh3 17. Bd3 exd4 18. Bxd4 h5 19. Bf1 Qg4 20. Nh2 Qg5 21. Qf3
Bxd4 22. cxd4 h4 23. Qf5 Qh6 24. Ne2 c5 25. Ng4 Nxg4 26. Qxg4 cxd4 27. Nxd4 Qd2
28. Nf5 Qxb2 29. Rab1 Qf6 30. Rxb7 Ne5 31. Qg2 d5 32. f4 Ng6 33. Qg4 Qc6 34.
Rd7 Qc5+ 35. Kh1 dxe4 36. Bg2 Qf2 37. Rf1 Qxa2 38. Nxg7 Re6 39. Nxe6 1-0

[Event "Kölner SK Dr. Lasker 1 - Godesberger S"]
[Site "NRW-Klasse - Gruppe 2 2018/20"]
[Date "2018.09.16"]
[Round "1.2"]
[White "Nagel, Bernhard"]
[Black "Koehler, Christian Friedrich"]
[Result "1/2-1/2"]
[WhiteElo "2159"]
[BlackElo "2270"]
[PlyCount "130"]
[EventDate "2018.??.??"]
[WhiteTeam "Kölner SK Dr. Lasker 1"]
[BlackTeam "Godesberger SK 1"]

1. d4 d5 2. Nf3 Nf6 3. c4 c6 4. Nc3 dxc4 5. a4 Bf5 6. e3 e6 7. Bxc4 Bb4 8. O-O
O-O 9. Qe2 Bg4 10. h3 Bh5 11. Rd1 Nbd7 12. e4 Qe7 13. e5 Nd5 14. Nxd5 cxd5 15.
Bd3 Rac8 16. g4 Bg6 17. Bg5 Qe8 18. Rdc1 Bxd3 19. Qxd3 Nb8 20. Qb5 Qxb5 21.
axb5 a6 22. bxa6 Nxa6 23. Kf1 h6 24. Be3 Rfe8 25. Ke2 Kf8 26. h4 Ke7 27. h5 Kd7
28. Kd1 Be7 29. Ne1 Nb4 30. Ra7 Rxc1+ 31. Kxc1 Kc6 32. Ra3 Kd7 33. Kb1 Rc8 34.
Rc3 Rc4 35. f4 Nc6 36. Nf3 Bb4 37. Rd3 Ne7 38. Bd2 Bxd2 39. Nxd2 Rc8 40. Rb3
Kc7 41. Rc3+ Nc6 42. Nf3 Kd7 43. f5 Ra8 44. Ra3 Rc8 45. Rd3 Ne7 46. Nh4 Rc4 47.
b3 Rc8 48. Kb2 Nc6 49. Rd2 Ke8 50. Nf3 Ke7 51. Rf2 Nb4 52. f6+ Kf8 53. Rd2 Ra8
54. g5 hxg5 55. Nxg5 Ra2+ 56. Kc3 Rxd2 57. Kxd2 Nc6 58. Kc3 b5 59. fxg7+ Kxg7
60. h6+ Kxh6 61. Nxf7+ Kg6 62. Nd6 b4+ 63. Kd3 Na5 64. Kc2 Nc6 65. Kd3 Na5
1/2-1/2

[Event "Kölner SK Dr. Lasker 1 - Godesberger S"]
[Site "NRW-Klasse - Gruppe 2 2018/20"]
[Date "2018.09.16"]
[Round "1.3"]
[White "Grabowski, Pawel"]
[Black "Cramer, Volker"]
[Result "1-0"]
[WhiteElo "2218"]
[BlackElo "2149"]
[PlyCount "61"]
[EventDate "2018.??.??"]
[WhiteTeam "Godesberger SK 1"]
[BlackTeam "Kölner SK Dr. Lasker 1"]

1. d4 e6 2. c4 Bb4+ 3. Nd2 c5 4. a3 Bxd2+ 5. Qxd2 cxd4 6. Qxd4 Qf6 7. Qd3 Nc6
8. Nf3 Nge7 9. e4 O-O 10. Be2 d5 11. O-O h6 12. exd5 exd5 13. cxd5 Rd8 14. Qc3
Qxc3 15. bxc3 Nxd5 16. Bd2 Bg4 17. Rab1 b6 18. c4 Nf6 19. Be3 Ne4 20. Rfc1 Rac8
21. h3 Bxf3 22. gxf3 Nc5 23. f4 Nd4 24. Bg4 f5 25. Bh5 Rd6 26. Kh2 Rcd8 27. Rg1
Kh8 28. Rg2 Nce6 29. Rbg1 R8d7 30. Rg6 Ne2 31. Bxe2 1-0

[Event "Kölner SK Dr. Lasker 1 - Godesberger S"]
[Site "NRW-Klasse - Gruppe 2 2018/20"]
[Date "2018.09.16"]
[Round "1.4"]
[White "Kloss, Henning"]
[Black "Stenzel, Thomas"]
[Result "1-0"]
[WhiteElo "2142"]
[BlackElo "2117"]
[PlyCount "119"]
[EventDate "2018.??.??"]
[WhiteTeam "Kölner SK Dr. Lasker 1"]
[BlackTeam "Godesberger SK 1"]

1. d4 d5 2. c4 Nc6 3. Nc3 dxc4 4. Nf3 Nf6 5. Bg5 h6 6. Bxf6 exf6 7. e4 a6 8.
Bxc4 Bd6 9. h3 O-O 10. O-O g6 11. a3 Kg7 12. Qc2 h5 13. Rad1 Bf4 14. Nd5 Bh6
15. e5 Bf5 16. Qc3 Be4 17. Nxf6 Bxf3 18. Qxf3 Nxd4 19. Qxb7 Qe7 20. Nxh5+ gxh5
21. Rxd4 Qxe5 22. Rd5 Qf4 23. Qb3 h4 24. Qc3+ Qf6 25. Qxf6+ Kxf6 26. Rh5 Kg6
27. Rxh4 f5 28. Rd4 Rab8 29. b3 Rb6 30. Re1 Bg5 31. Rd7 Bf4 32. g3 Bd6 33. a4
a5 34. Re6+ Rf6 35. Re8 Kh6 36. Rh8+ Kg6 37. Rdd8 Rf7 38. Bxf7+ Kxf7 39. Ra8 f4
40. gxf4 Rxb3 41. Rxa5 Rb4 42. f5 Kf6 43. Rh6+ Kf7 44. Kg2 Rc4 45. Ra7 Be5 46.
Re6 Bf4 47. Kf3 Bh2 48. Re4 Rc5 49. Kg4 Rc2 50. f4 Rc3 51. Ra6 Rg3+ 52. Kh4 Rg8
53. Rc4 c5 54. Rxc5 Bxf4 55. Rb5 Bg5+ 56. Kh5 Be7 57. f6 Rh8+ 58. Kg5 Bd8 59.
Rb7+ Ke8 60. Ra8 1-0

[Event "Kölner SK Dr. Lasker 1 - Godesberger S"]
[Site "NRW-Klasse - Gruppe 2 2018/20"]
[Date "2018.09.16"]
[Round "1.5"]
[White "Kutzner, Stephen"]
[Black "Hoeren, Andreas"]
[Result "1-0"]
[WhiteElo "2172"]
[BlackElo "2126"]
[Annotator "Daniel"]
[PlyCount "125"]
[EventDate "2018.??.??"]
[WhiteTeam "Godesberger SK 1"]
[BlackTeam "Kölner SK Dr. Lasker 1"]

1. e4 d6 2. d4 Nf6 3. Nc3 Nbd7 4. f4 e5 5. Nf3 exd4 6. Qxd4 c6 7. Be3 d5 8. e5
Bc5 $11 9. Qd2 Ne4 10. Nxe4 dxe4 11. Bxc5 Nxc5 12. Qxd8+ Kxd8 13. O-O-O+ Ke7
14. Nd2 Be6 15. Re1 Rhd8 16. Nxe4 Nxe4 17. Rxe4 Bf5 18. Rb4 b5 19. Be2 a5 20.
Rb3 Rd4 21. g3 b4 22. Re3 Rad8 23. Rd1 g6 24. Rxd4 Rxd4 25. Bd3 Ke6 26. Kd2 h5
27. Ke2 Bg4+ 28. Kf2 c5 29. Re4 Rd8 30. Rc4 Rc8 31. c3 Ke7 32. cxb4 axb4 33.
Rc2 Be6 34. Bc4 Ra8 35. Bxe6 Kxe6 36. b3 Rd8 37. Ke3 Ra8 38. Ke4 Ra5 39. Rd2
Ra6 40. Rc2 Rc6 41. h3 Rc8 42. g4 hxg4 43. hxg4 f5+ 44. gxf5+ gxf5+ 45. Ke3 Rc6
46. Rd2 c4 47. bxc4 Rxc4 48. Rd6+ Ke7 49. Rf6 Rc2 50. Kd3 Rxa2 51. Rxf5 Ke6 52.
Rf6+ Kd5 53. Rd6+ Kc5 54. Rd8 Ra3+ 55. Ke4 b3 56. Rc8+ Kb5 57. Kd5 Ra6 58. Rc1
Ra2 59. f5 Rf2 60. f6 b2 61. Rc8 Rd2+ 62. Ke6 Rd8 63. Rxd8 1-0

[Event "Kölner SK Dr. Lasker 1 - Godesberger S"]
[Site "NRW-Klasse - Gruppe 2 2018/20"]
[Date "2018.09.16"]
[Round "1.6"]
[White "Loseries, Uwe"]
[Black "Wecker, Martin"]
[Result "0-1"]
[WhiteElo "2116"]
[BlackElo "2154"]
[PlyCount "54"]
[EventDate "2018.??.??"]
[WhiteTeam "Kölner SK Dr. Lasker 1"]
[BlackTeam "Godesberger SK 1"]

1. d4 Nf6 2. c4 e6 3. Nf3 d5 4. Bg5 Bb4+ 5. Nbd2 dxc4 6. e3 b5 7. Be2 Bb7 8.
O-O a6 9. Qc2 Nbd7 10. Rfd1 h6 11. Bh4 c5 12. a3 Bxd2 13. Rxd2 Qb6 14. Bxf6
Nxf6 15. b3 Be4 16. Qb2 cxd4 17. Rxd4 cxb3 18. a4 bxa4 19. Rdxa4 O-O 20. Nd4
Rfb8 21. Rxa6 Rxa6 22. Rxa6 Qb4 23. Kf1 e5 24. Nc6 Bxc6 25. Rxc6 Ne4 26. f3
Nd2+ 27. Kf2 Qh4+ 0-1

[Event "Kölner SK Dr. Lasker 1 - Godesberger S"]
[Site "NRW-Klasse - Gruppe 2 2018/20"]
[Date "2018.09.16"]
[Round "1.7"]
[White "Mantau, Jan"]
[Black "Diesner, Michael"]
[Result "1/2-1/2"]
[WhiteElo "2137"]
[BlackElo "2074"]
[PlyCount "61"]
[EventDate "2018.??.??"]
[WhiteTeam "Godesberger SK 1"]
[BlackTeam "Kölner SK Dr. Lasker 1"]

1. e4 c5 2. Nf3 d6 3. d4 Nf6 4. Nc3 cxd4 5. Nxd4 g6 6. Be2 Bg7 7. Be3 Nc6 8. h4
h5 9. f3 O-O 10. Qd2 Nxd4 11. Bxd4 Be6 12. O-O-O Qa5 13. Kb1 Rfc8 14. Bxf6 Bxf6
15. Nd5 Qxd2 16. Nxf6+ Kg7 17. Nxh5+ gxh5 18. Rxd2 Kf6 19. f4 Rh8 20. Re1 Rag8
21. Bf3 b6 22. e5+ dxe5 23. Rxe5 Bg4 24. Be4 e6 25. b4 Rd8 26. Rxd8 Rxd8 27.
Bd3 Rd4 28. Re4 Rd7 29. Re5 Rd4 30. Re4 Rd7 31. Re5 1/2-1/2

[Event "Kölner SK Dr. Lasker 1 - Godesberger S"]
[Site "NRW-Klasse - Gruppe 2 2018/20"]
[Date "2018.09.16"]
[Round "1.8"]
[White "Glaser, Steffen"]
[Black "Mittmann, Johannes"]
[Result "1/2-1/2"]
[WhiteElo "1949"]
[BlackElo "2060"]
[PlyCount "45"]
[EventDate "2018.??.??"]
[WhiteTeam "Kölner SK Dr. Lasker 1"]
[BlackTeam "Godesberger SK 1"]

1. e4 e5 2. Nf3 d6 3. Bc4 Nf6 4. d4 exd4 5. Nxd4 Be7 6. Nc3 O-O 7. f3 c6 8. a4
Re8 9. O-O Bf8 10. Bg5 Nbd7 11. Qd2 Ne5 12. Bb3 h6 13. Bh4 Ng6 14. Bf2 Nh5 15.
Nce2 a6 16. Rad1 Qf6 17. Be3 Qh4 18. Bf2 Qf6 19. g4 Nhf4 20. Bg3 Nxe2+ 21. Nxe2
Be6 22. Bxe6 Qxe6 23. Nd4 1/2-1/2

[Event "SK Sodingen/Castrop 1 - SF Essen-Katern"]
[Site "NRW-Klasse - Gruppe 2 2018/20"]
[Date "2018.09.16"]
[Round "1.1"]
[White "Siebrecht, Sebastian"]
[Black "Waldschmidt, Georg"]
[Result "1-0"]
[WhiteElo "2411"]
[BlackElo "2183"]
[PlyCount "75"]
[EventDate "2018.??.??"]
[WhiteTeam "SF Essen-Katernberg  1"]
[BlackTeam "SK Sodingen/Castrop 1"]

1. c4 Nf6 2. Nc3 c5 3. Nf3 d5 4. cxd5 Nxd5 5. e4 Nb4 6. Bc4 Be6 7. Bxe6 Nd3+ 8.
Kf1 fxe6 9. Ne1 Nc6 10. h4 Qd7 11. Nxd3 Qxd3+ 12. Kg1 O-O-O 13. Rh3 Qa6 14. Na4
Qc4 15. Rc3 Qxe4 16. Nxc5 Qd5 17. Qe2 Nd4 18. Nxe6+ Kb8 19. Nxd4 Qxd4 20. d3 e6
21. Bg5 Re8 22. Rc4 Qd5 23. Bf4+ Bd6 24. Bxd6+ Qxd6 25. Rac1 Rd8 26. d4 Rhf8
27. R1c3 h6 28. g3 g5 29. hxg5 hxg5 30. Re3 Rf6 31. Re5 Rh6 32. Rxg5 Rdh8 33.
Qe5 Qxe5 34. Rxe5 a6 35. Kf1 Rf8 36. Re2 Rh1+ 37. Kg2 Rd1 38. Rcc2 1-0

[Event "SK Sodingen/Castrop 1 - SF Essen-Katern"]
[Site "NRW-Klasse - Gruppe 2 2018/20"]
[Date "2018.09.16"]
[Round "1.2"]
[White "Boehnke, Martin"]
[Black "Tomic, Bosko"]
[Result "1/2-1/2"]
[WhiteElo "2163"]
[BlackElo "2356"]
[PlyCount "80"]
[EventDate "2018.??.??"]
[WhiteTeam "SK Sodingen/Castrop 1"]
[BlackTeam "SF Essen-Katernberg  1"]

1. d4 Nf6 2. c4 c5 3. Nf3 g6 4. Nc3 Bg7 5. g3 O-O 6. Bg2 Nc6 7. O-O cxd4 8.
Nxd4 Qa5 9. Nb3 Qd8 10. Nd4 Qb6 11. Nb3 d6 12. Bg5 Be6 13. Nd5 Bxd5 14. cxd5
Na5 15. Nxa5 Qxa5 16. Qb3 h6 17. Be3 Ng4 18. Bc1 Qa6 19. e4 Rac8 20. Bh3 h5 21.
Re1 Bd4 22. Bxg4 hxg4 23. Be3 Bxe3 24. Rxe3 Rc4 25. Qd1 Rfc8 26. Qxg4 Qb6 27.
b3 Rc2 28. Re2 Rc1+ 29. Re1 R8c2 30. Qf3 Rxa1 31. Rxa1 Qd4 32. Rd1 Qe5 33. a4
Rc3 34. Rd3 Rc1+ 35. Kg2 Qa1 36. h4 Rh1 37. Qe2 Rg1+ 38. Kh2 Rh1+ 39. Kg2 Rg1+
40. Kh2 Rh1+ 1/2-1/2

[Event "SK Sodingen/Castrop 1 - SF Essen-Katern"]
[Site "NRW-Klasse - Gruppe 2 2018/20"]
[Date "2018.09.16"]
[Round "1.3"]
[White "Rosen, Bernd"]
[Black "Kusnetsov, Mark"]
[Result "1-0"]
[WhiteElo "2293"]
[BlackElo "2117"]
[PlyCount "39"]
[EventDate "2018.??.??"]
[WhiteTeam "SF Essen-Katernberg  1"]
[BlackTeam "SK Sodingen/Castrop 1"]

1. Nf3 Nf6 2. c4 e6 3. g3 d5 4. Bg2 Be7 5. O-O O-O 6. b3 b6 7. Bb2 Bb7 8. e3
Nbd7 9. Nc3 c5 10. Qe2 Rc8 11. d3 Qc7 12. Rfd1 Rfd8 13. e4 Bf8 14. e5 Ng4 15.
cxd5 exd5 16. Nb5 Qb8 17. e6 Ndf6 18. h3 Bc6 19. hxg4 Bxb5 20. Bxf6 1-0

[Event "SK Sodingen/Castrop 1 - SF Essen-Katern"]
[Site "NRW-Klasse - Gruppe 2 2018/20"]
[Date "2018.09.16"]
[Round "1.4"]
[White "Werrn, Pascal"]
[Black "Wessendorf, Thomas"]
[Result "1/2-1/2"]
[WhiteElo "2050"]
[BlackElo "2204"]
[PlyCount "115"]
[EventDate "2018.??.??"]
[WhiteTeam "SK Sodingen/Castrop 1"]
[BlackTeam "SF Essen-Katernberg  1"]

1. d4 c5 2. d5 Nf6 3. Nc3 a6 4. a4 d6 5. e4 g6 6. h3 Bg7 7. Nf3 O-O 8. Be2 e6
9. O-O exd5 10. exd5 b6 11. Bf4 Bb7 12. Qd2 Re8 13. Rfe1 Ra7 14. Bf1 Ba8 15.
Rxe8+ Nxe8 16. Re1 Re7 17. Ne4 Nf6 18. Nxd6 Rxe1 19. Nxe1 Bxd5 20. c4 Be6 21.
a5 Nc6 22. axb6 Qxb6 23. Nd3 Nd4 24. b4 Nd7 25. bxc5 Nxc5 26. Nxc5 Qxc5 27. Ne4
Qc6 28. Qd3 Bf5 29. f3 h5 30. Be3 Ne6 31. g4 hxg4 32. hxg4 Bxe4 33. fxe4 Qc7
34. Bg2 Qg3 35. Qe2 Be5 36. Bf2 Nf4 37. Qf3 Nh3+ 38. Kf1 Nxf2 39. Qxf2 Qd3+ 40.
Qe2 Qb1+ 41. Qe1 Qd3+ 42. Qe2 Qd4 43. Bf3 a5 44. Qa2 Bc7 45. Kg2 Bb6 46. Kh3
Bc7 47. Kg2 Qd3 48. Qe2 Qc3 49. e5 Bxe5 50. Bd5 Qg3+ 51. Kf1 Qf4+ 52. Qf2 a4
53. Qxf4 Bxf4 54. c5 Kf8 55. Ke2 Ke7 56. Kd3 Bc1 57. Ke4 Ba3 58. Bc6 1/2-1/2

[Event "SK Sodingen/Castrop 1 - SF Essen-Katern"]
[Site "NRW-Klasse - Gruppe 2 2018/20"]
[Date "2018.09.16"]
[Round "1.5"]
[White "Kueppers, Timo"]
[Black "Hille, Ralph Ingo"]
[Result "1-0"]
[WhiteElo "2247"]
[BlackElo "2066"]
[PlyCount "131"]
[EventDate "2018.??.??"]
[WhiteTeam "SF Essen-Katernberg  1"]
[BlackTeam "SK Sodingen/Castrop 1"]

1. c4 b6 2. e4 Bb7 3. Nc3 e6 4. Nge2 Nf6 5. d3 c5 6. g3 d5 7. exd5 exd5 8. Bg2
Qd7 9. Nf4 dxc4 10. Bxb7 Qxb7 11. O-O Be7 12. Nfd5 Nc6 13. Qf3 O-O-O 14. dxc4
Nxd5 15. Nxd5 Bd6 16. Be3 h5 17. h4 Ne5 18. Qe4 Qd7 19. Rfd1 Qg4 20. Qxg4+ hxg4
21. Rac1 Rhe8 22. Kg2 Nf3 23. a3 Be5 24. Rb1 Bd4 25. b4 Re4 26. bxc5 Bxc5 27.
Bxc5 bxc5 28. Rdc1 Nd4 29. Rb2 Re2 30. Rxe2 Nxe2 31. Re1 Nd4 32. Re5 f6 33. Re4
f5 34. Re5 g6 35. Ne3 Nb3 36. Re6 Rg8 37. Nd5 Kd7 38. Ra6 Rb8 39. Rxa7+ Kd6 40.
Ra6+ Ke5 41. Rxg6 Nd2 42. Rb6 Ra8 43. Nc7 Ra4 44. Re6+ Kd4 45. Rd6+ Kc3 46.
Nd5+ Kb3 47. Nb6 Ra6 48. h5 Ne4 49. Rg6 Rxa3 50. h6 Ra7 51. Rg7 Rxg7 52. hxg7
Nf6 53. Nd5 Ng8 54. Ne3 Kc3 55. Nxf5 Kxc4 56. Ne3+ Kd3 57. Nxg4 c4 58. Ne3 c3
59. Kf3 Kd2 60. g4 Kd3 61. Nd5 Kd2 62. Nxc3 Kxc3 63. Ke4 Nf6+ 64. Kf5 Ng8 65.
Ke6 Kd4 66. g5 1-0